zpět

Detail výsledku týmu

The PUB Praha 6 , Praha

Datum a čas kvízu

36 Celkem bodů Celkový počet nahraných bodů na tomto kvízu bez doplňovacích otázek.
4. Pořadí na kvízu Konečné umístění týmu na tomto kvízu.

Zaznamenané odpovědi

# Otázka Odpověď Body Výsledky
1. Jak se jmenuje hejtman, který... Jan Krkoška, Moravskoslezský kraj 1
2. Ve středu byl zveřejněn žebříč... Finsko 1
3. Streetartový umělec Banksy se... strom 1
4. Český statistický úřad zveřejn... C) hlávkové zelí 1
5. V pondělí byla představena kol... z (křišťálového) skla 1
6. Toto literární téma vyhrálo mi... Sto roků samoty 1
7. Děj knihy se odehrává během tř... Kdo chytá v žitě, J. D. Salinger 0
8. Přiřaďte klasická díla ruské l... 1A 2C 3B 4D 0
9. Mezi nejčtenější knihy světa s... A 0
10. Na závěr se zaměříme na novějš... Zmizelá 1